书目信息 |
| 题名: |
面向二十一世纪热科学研究
|
|
| 作者: | 论文编辑组 编著 | |
| 分册: | ||
| 出版信息: | 北京 高等教育出版社 1999.9 |
|
| 页数: | 257页 | |
| 开本: | 16开 | |
| 丛书名: | ||
| 单 册: | ||
| 中图分类: | TK121-53 | |
| 科图分类: | ||
| 主题词: | 热力工程--理论 | |
| 电子资源: | ||
| ISBN: | 7-04-007377-3 | |
| 000 | 00801nam0 2200205 45 | |
| 001 | 0009220808 | |
| 005 | 20031219104046.5 | |
| 010 | @a7-04-007377-3@dCNY28.80 | |
| 100 | @a20000922d1999 km y0chiy0120 ea | |
| 101 | 0 | @achi |
| 105 | @a z 000yy | |
| 200 | 1 | @a面向二十一世纪热科学研究@AMian Xiang Er Shi Yi Shi Ji Re Ke Xue Yan Jiu@e庆贺王补宣院士七十五寿辰论文集@EQing He Wang Bu Xuan Yuan Shi Qi Shi Wu Shou Chen Lun Wen Ji@f论文编辑组编著@FLun Wen Bian Ji Zu Bian Zhu |
| 210 | @a北京@c高等教育出版社@d1999.9 | |
| 215 | @a257页@d16开 | |
| 517 | @a庆贺王补宣院士七十五寿辰论文集@AQing He Wang Bu Xuan Yuan Shi Qi Shi Wu Shou Chen Lun Wen Ji | |
| 606 | 0 | @a热力工程@x理论 |
| 690 | @aTK121-53@v1 | |
| 701 | 0 | @a论文编辑组@4编著 |
| 801 | @aCN@bTSTC@c20000922 | |
| 905 | @b290695-699@dTK121-53@e39@f5 | |
| 面向二十一世纪热科学研究:庆贺王补宣院士七十五寿辰论文集/论文编辑组编著.-北京:高等教育出版社,1999.9 |
| 257页;16开 |
| ISBN 7-04-007377-3:CNY28.80 |
| ● |
| 相关链接 |
|
|
|
|
正题名:面向二十一世纪热科学研究
索取号:TK121-53/39
 
预约/预借
| 序号 | 登录号 | 条形码 | 馆藏地/架位号 | 状态 | 备注 |
| 1 | 0290695 | 002906957 | 第三借阅区/ [索取号:TK121-53/39] | 在馆 | |
| 2 | 0290696 | 002906966 | 第三借阅区/ [索取号:TK121-53/39] | 在馆 | |
| 3 | 0290697 | 002906975 | 第三借阅区/ [索取号:TK121-53/39] | 在馆 | |
| 4 | 0290698 | 002906984 | 第三借阅区/ [索取号:TK121-53/39] | 在馆 | |
| 5 | 0290699 | 002906993 | 第二样本阅览室/ [索取号:TK121-53/39] | 在馆 |